| 000 | 00902nam a22002417a 4500 | ||
|---|---|---|---|
| 005 | 20180313113428.0 | ||
| 010 | _aBAC-CH25 | ||
| 020 |
_a9788123017464 _c190.00 |
||
| 035 | _aB-548695-728 | ||
| 035 | _aG-003620 | ||
| 035 | _aB-663837 | ||
| 037 |
_adpl _bBook Well /Ven |
||
| 037 | _bReceived from DB Act Children Books | ||
| 082 | _a574.52 | ||
| 100 | _aHaque, M.A. | ||
| 245 |
_aLiving with Others : _bbiodiversity around us / _cby M.A. Haque |
||
| 260 |
_aNew Delhi _bPublications Division _c2013 |
||
| 270 |
_aSoochna Bhawan, C.G.O. Complex, Lodhi Road, _bNew Delhi _e110003 |
||
| 300 |
_a128p.: _bill. _c24cm(pbk) |
||
| 942 |
_2ddc _cCH _mHAQ _h574.52 |
||
| 999 |
_c86909 _d86909 |
||